Drawing in the digital age : (Record no. 353535)

000 -LEADER
fixed length control field 01019nam a22003135a 4500
001 - CONTROL NUMBER
control field 17085650
003 - CONTROL NUMBER IDENTIFIER
control field OSt
005 - DATE AND TIME OF LATEST TRANSACTION
control field 20180116192411.0
008 - FIXED-LENGTH DATA ELEMENTS--GENERAL INFORMATION
fixed length control field 111215s2012 inu 000 0 eng
010 ## - LIBRARY OF CONGRESS CONTROL NUMBER
LC control number 2011945578
020 ## - INTERNATIONAL STANDARD BOOK NUMBER
International Standard Book Number 9781118176504 (pbk : alk. paper)
020 ## - INTERNATIONAL STANDARD BOOK NUMBER
International Standard Book Number 1118176502 (pbk : alk. paper)
040 ## - CATALOGING SOURCE
Original cataloging agency DLC
Transcribing agency DLC
042 ## - AUTHENTICATION CODE
Authentication code pcc
082 ## - DEWEY DECIMAL CLASSIFICATION NUMBER
Classification number 741.2
100 1# - MAIN ENTRY--PERSONAL NAME
Personal name Xu, Nancy D.
9 (RLIN) 5858
245 10 - TITLE STATEMENT
Title Drawing in the digital age :
Remainder of title an observational method for artists and animators /
Statement of responsibility, etc. Xu, Andrew Stokes & Ryan Johnson.
250 ## - EDITION STATEMENT
Edition statement 1st ed.
260 ## - PUBLICATION, DISTRIBUTION, ETC.
Place of publication, distribution, etc. Indianapolis, IN :
Name of publisher, distributor, etc. Wiley Pub., Inc.,
Date of publication, distribution, etc. 2012.
263 ## - PROJECTED PUBLICATION DATE
Projected publication date 1202
300 ## - PHYSICAL DESCRIPTION
Extent 200 p. :
Other physical details ill ;
Dimensions 23 cm.
650 ## - SUBJECT ADDED ENTRY--TOPICAL TERM
Topical term or geographic name entry element Drawing
General subdivision Technique
9 (RLIN) 5859
650 ## - SUBJECT ADDED ENTRY--TOPICAL TERM
Topical term or geographic name entry element Drawing materials
9 (RLIN) 5860
906 ## - LOCAL DATA ELEMENT F, LDF (RLIN)
a 0
b ibc
c orignew
d 2
e epcn
f 20
g y-gencatlg
942 ## - ADDED ENTRY ELEMENTS (KOHA)
Source of classification or shelving scheme
Koha item type Book
Holdings
Withdrawn status Lost status Source of classification or shelving scheme Damaged status Not for loan Permanent Location Current Location Date acquired Total Checkouts Full call number Barcode Date last seen Date last checked out Copy number Cost, replacement price Price effective from Koha item type
          School of Art Design and Architecture (SADA) School of Art Design and Architecture (SADA) 07/11/2012 2 741.2 XUN 2012 SADA0001719 05/11/2015 04/21/2015 01 2835.00 08/02/2012 Book
          School of Art Design and Architecture (SADA) School of Art Design and Architecture (SADA) 08/06/2012   741.2 XUN 2012 SADA0001740 01/05/2017   02 0.00 01/05/2017 Book
          School of Art Design and Architecture (SADA) School of Art Design and Architecture (SADA) 08/06/2012 1 741.2 XUN 2012 SADA0001741 11/05/2014 10/30/2014 03 0.00 08/08/2012 Book
© 2023 Central Library, National University of Sciences and Technology. All Rights Reserved.